| 000 | 00735nam a2200217Ia 4500 | ||
|---|---|---|---|
| 003 | GCL | ||
| 005 | 20240530105431.0 | ||
| 008 | 140319s9999 xx 000 0 ara d | ||
| 040 |
_aGCL / _cGCL |
||
| 082 | 0 | 4 |
_a956.904 _bع ب |
| 100 | 1 | _aعبدالعظيم مناف | |
| 245 | 1 | 0 |
_aبلفور 77 والاقتراء على التاريخ / _cعبدالعظيم مناف |
| 260 |
_a[S.N] : _bدار الموقف العربى للصحافة والنشر والتوزيع ، _c1977 |
||
| 300 | _a135 ص | ||
| 650 | 0 | 4 | _aالقضية الفلسطينية |
| 650 | 0 | 4 | _aالصهيونية |
| 650 | 0 | 4 | _aهجرة اليهود الى فلسطين |
| 650 | 0 | 4 | _aوعد بلفور |
| 650 | 0 | 4 | _aتصريح بلفور |
| 942 |
_2ddc _cBK |
||
| 999 |
_c56004 _d56004 |
||